| 000 | 00541nam a2200181Ia 4500 | ||
|---|---|---|---|
| 005 | 20250326124134.0 | ||
| 008 | 250326s9999 xx 000 0 und d | ||
| 037 | _aTextbook | ||
| 040 |
_aFMSL _beng _cFMSL |
||
| 041 |
_aeng _2eng |
||
| 084 |
_aX:51y7 K6;1 _qFMSL |
||
| 100 | _aBoyd H W | ||
| 245 | 0 |
_aMarketing management: cases from the emerging countries _cBoyd H W; Iffland C P And Others |
|
| 260 |
_aLondon _bLondon, Addison-Wesley _c1966 |
||
| 300 | _a424p | ||
| 942 |
_cTB _hX:51y7 K6;1 |
||
| 999 |
_c1272444 _d1272444 |
||